| 000 | 00364nam a2200145Ia 4500 | ||
|---|---|---|---|
| 008 | 230917s9999||||xx |||||||||||||| ||und|| | ||
| 040 |
_e107482 _aMAIN |
||
| 041 | _aEnglish | ||
| 082 | _a005.133 D32M | ||
| 100 | _aDawra, Sudhir | ||
| 245 | 0 | _aMastering graphics programming in C | |
| 260 |
_aNew Delhi _bFirewall media _c2004 |
||
| 300 | _a286 p. | ||
| 942 | _cBK | ||
| 999 |
_c124104 _d124104 |
||